000 00483nam a2200157 4500
001 107213
003 ES-MaACL
007 t|
008 061121s1974 sp r ||||1| spa d
100 1 _aMorin, Violette.
_983571
245 1 3 _aEl tratamiento periodístico de la informaciçon /
_cViolette Morin; traducción de Alfonso Espinet.
260 _a[S.l.] :
_bA.T.E.,
_c1974.
300 _aV, 163 p. ;
_c22.
700 1 _aEspinet, Alfonso.
_947853
852 _aES-MaACL
_jE-5382
_bR.89519
999 _c107213
_d107213